[Event "Sautron Retif op 0405"]
[Site "Sautron"]
[Date "2005.03.05"]
[Round "6"]
[White "Penisson, Arnaud"]
[Black "Walle, Jean Michel"]
[Result "0-1"]
[WhiteElo "1499"]
[BlackElo "1730"]
[PlyCount "60"]
[EventDate "2004.10.16"]
[EventType "swiss"]
[EventRounds "7"]
[EventCountry "FRA"]
[SourceTitle "EXT 2007"]
[Source "ChessBase"]
[SourceDate "2006.11.23"]
[SourceVersion "1"]
[SourceVersionDate "2006.11.23"]
[SourceQuality "1"]

1. d4 Nf6 2. Nf3 e6 3. e3 d5 4. Bd3 c5 5. c3 Be7 6. Nbd2 0-0 7. 0-0 Nc6 8. dxc5 Bxc5 9. e4 dxe4 10. Nxe4 Be7 11. Nxf6+ Bxf6 12. Qd2 Ne5 13. Nxe5 Bxe5 14. Re1 Bc7 15. Qe3 Qh4 16. h3 Rd8 17. Bc2 Bb6 18. Qf3 Bd7 19. Re4 Qe7 20. Rg4 Bc6 21. Qg3 f6 22. Qh4 g6 23. Qg3 Qg7 24. Bf4 Be8 25. h4 h5 26. Rxg6 Bxg6 27. Bxg6 e5 28. Bc1 Rd1+ 29. Kh2 Bxf2 30. Qxf2 Qxg6 0-1

[Event "Sautron Retif op 0405"]
[Site "Sautron"]
[Date "2004.12.11"]
[Round "4"]
[White "Bethys, Fred"]
[Black "Walle, Jean Michel"]
[Result "1-0"]
[WhiteElo "1499"]
[BlackElo "1730"]
[PlyCount "59"]
[EventDate "2004.10.16"]
[EventType "swiss"]
[EventRounds "7"]
[EventCountry "FRA"]
[SourceTitle "EXT 2007"]
[Source "ChessBase"]
[SourceDate "2006.11.23"]
[SourceVersion "1"]
[SourceVersionDate "2006.11.23"]
[SourceQuality "1"]

1. e4 Nf6 2. e5 Nd5 3. d4 d6 4. c4 Nb6 5. f4 dxe5 6. fxe5 Nc6 7. Be3 Bf5 8. Nc3 e6 9. Nf3 Be7 10. a3 0-0 11. Be2 Na5 12. b3 c5 13. dxc5 Nd7 14. 0-0 Qc7 15. Nb5 Qb8 16. Nd6 Bg6 17. b4 Nc6 18. Bf4 Rd8 19. Qe1 b6 20. cxb6 Nxb6 21. c5 Nd5 22. Qd2 Rd7 23. Nd4 Nxd4 24. Qxd4 a6 25. Bf3 Raa7 26. Bxd5 exd5 27. Qxd5 Rac7 28. e6 Rd8 29. exf7+ Bxf7 30. Qxf7+ 1-0

[Event "Montigny le Bretonneux Noel op 05th"]
[Site "Montigny le Bretonneux"]
[Date "2002.12.27"]
[Round "2.27"]
[White "Benhamouda, Matthieu"]
[Black "Walle, Jean Michel"]
[Result "0-1"]
[WhiteElo "1240"]
[BlackElo "1600"]
[PlyCount "62"]
[EventDate "2002.12.??"]
[EventType "swiss"]
[EventRounds "7"]
[EventCountry "FRA"]
[SourceTitle "EXT 2004"]
[Source "ChessBase"]
[SourceDate "2003.11.25"]
[SourceVersion "1"]
[SourceVersionDate "2003.11.25"]
[SourceQuality "1"]

1. e4 d5 2. Nc3 d4 3. Nd5 e5 4. a3 c6 5. Nb4 Nf6 6. Bd3 Bd6 7. c3 a5 8. Nc2 c5 9. Nf3 0-0 10. 0-0 Nc6 11. c4 Ra6 12. Nce1 Nxe4 13. Bxe4 f5 14. Bd5+ Kh8 15. d3 Qe8 16. Nh4 Ne7 17. Bf3 f4 18. Be4 Bc7 19. Qf3 Rh6 20. g3 Bd8 21. Nhg2 Nf5 22. gxf4 Nh4 23. Nxh4 Rxh4 24. Ng2 Rh3 25. Qe2 Bc7 26. fxe5 Bxe5 27. Bd2 Bxh2+ 28. Kh1 Bf4+ 29. Kg1 Bxd2 30. Qxd2 Qh5 31. Nf4 Qg5+ 0-1